00327nam a2200133Ia 45000030006000000080041000060400015000471000035000622450023000972600036001203000006001565460014001620050017001760STCL150530s9999 xx 000 0 und d aSTCLcSTCL aUnnikkat Ramachandra Menon, P. aMaharashtravijayam bBharatha Vilasam; Trichurc1941 a0 aMalayalam20220125170755.0